|
|
|
|
| LEADER |
01067pam a22002778a 4500 |
| 001 |
00026547 |
| 005 |
20171026081025.0 |
| 008 |
110816s2004 ||||||viesd |
| 041 |
0 |
# |
|a vie
|
| 082 |
1 |
4 |
|a 004.071
|b T311H
|
| 245 |
0 |
0 |
|a Tin học 11
|b Sách giáo viên - SGK thí điểm bs theo chương trình THPT được BGD & ĐT ban hành kèm theo QĐ số 47/2002/QĐ -BGĐ&ĐT ngày 19/11/2002 của Bộ trưởng BGD & ĐT
|c Hồ Sĩ Đàm( chủ biên )...[và nh. ng. khác]
|
| 260 |
# |
# |
|a H.
|b Giáo dục
|c 2004
|
| 300 |
# |
# |
|a 139 tr.
|c 24 cm.
|
| 500 |
# |
# |
|a ĐTTS ghi: Bộ Giáo dục và Đào tạo
|
| 650 |
# |
4 |
|a Lớp 11
|
| 650 |
# |
4 |
|a Sách giáo viên
|
| 650 |
# |
4 |
|a Tin học
|
| 700 |
1 |
# |
|a Hồ Cẩm Hà
|
| 700 |
1 |
# |
|a Hồ Sĩ Đàm
|e ch.b
|
| 852 |
# |
# |
|b Kho giáo trình
|j KGT.0029626, KGT.0029627
|
| 852 |
# |
# |
|b Kho đọc
|j KD.0011159
|
| 852 |
# |
# |
|j KD.0011159
|
| 910 |
|
|
|d 16/08/2011
|
| 980 |
# |
# |
|a Trung tâm Học liệu Lê Vũ Hùng, Trường Đại học Đồng Tháp
|